[Event "48. Torneo Villa de Mislata"]
[Site "Mislata ESP"]
[Date "2014.08.13"]
[Round "4.17"]
[White "Gonzalez Aguirre, Luis"]
[Black "Gomez Sanjuan, Hector Fernando"]
[Result "1/2-1/2"]
[WhiteElo "2118"]
[BlackElo "1812"]
[PlyCount "138"]
[EventDate "2014.08.11"]
[EventType "swiss"]
[EventRounds "9"]
[EventCountry "ESP"]
[Source "lmi"]
[SourceDate "2014.08.11"]

1. c4 c5 2. Nc3 Nc6 3. Nf3 g6 4. e3 Bg7 5. d4 d6 6. d5 Nb8 7. e4 Nf6 8. Bd3 O-O
9. O-O e6 10. h3 exd5 11. exd5 Re8 12. Bf4 a6 13. Qd2 b6 14. Rfe1 Ra7 15. Rxe8+
Nxe8 16. Re1 Re7 17. Ne4 Bf5 18. b3 Bxe4 19. Rxe4 Rxe4 20. Bxe4 Nd7 21. Bc2 Ne5
22. Qe3 Nxf3+ 23. Qxf3 Be5 24. Bd2 f5 25. Qe2 Qe7 26. f4 Bd4+ 27. Kf1 Qxe2+ 28.
Kxe2 a5 29. g4 Ng7 30. a3 Bb2 31. b4 axb4 32. axb4 Kf7 33. Kf3 Bf6 34. Ba4 Bd8
35. Bd7 Bf6 36. Be1 Ke7 37. Bb5 Kf7 38. Ba4 Bd8 39. Bc2 Bf6 40. Bd2 Bd8 41.
bxc5 bxc5 42. Bc3 Bf6 43. Ba5 Be7 44. Ba4 Bf6 45. Bd7 Be7 46. Ke3 Bf6 47. Bc7
Ke7 48. Bc8 Bd4+ 49. Kf3 Bf6 50. Ba5 Bd4 51. Be1 Bf6 52. Ke2 Bd4 53. Kf3 Bf6
54. Ba6 Bd4 55. Bb5 Bf6 56. Ba4 Bd4 57. Bd1 Bf6 58. Ke3 Bd4+ 59. Kd3 h6 60.
Bh4+ Bf6 61. Bf2 Bb2 62. Ke2 Bc3 63. Bc2 Bf6 64. Kf3 Bc3 65. Bh4+ Bf6 66. Bg3
Bc3 67. Bf2 Bf6 68. gxf5 gxf5 69. Bg3 Bc3 1/2-1/2

[Event "48. Torneo Villa de Mislata"]
[Site "Mislata ESP"]
[Date "2014.08.13"]
[Round "4.18"]
[White "Nieto Tornero, Jose"]
[Black "Marquinez Cabrejas, Francisco"]
[Result "1-0"]
[WhiteElo "1914"]
[BlackElo "1993"]
[PlyCount "89"]
[EventDate "2014.08.11"]
[EventType "swiss"]
[EventRounds "9"]
[EventCountry "ESP"]
[Source "lmi"]
[SourceDate "2014.08.11"]

1. e4 c6 2. c4 g6 3. Nc3 Bg7 4. d4 d6 5. Nf3 Nd7 6. Be3 e5 7. dxe5 dxe5 8. c5
Qe7 9. Rc1 Ngf6 10. h3 O-O 11. b4 Rd8 12. Qb3 Nf8 13. Bc4 Be6 14. Nxe5 Bxc4 15.
Nxc4 Nxe4 16. Nxe4 Qxe4 17. O-O Qd3 18. Qa4 b5 19. cxb6 axb6 20. Qxc6 Rdc8 21.
Qf3 Rxa2 22. Rfd1 Qb3 23. Qd5 Qxb4 24. Ne5 Rxc1 25. Rxc1 Ra7 26. Nc6 Qa3 27.
Nxa7 Qxa7 28. Qc6 Nd7 29. Qc7 Qxc7 30. Rxc7 Nc5 31. Rc6 Nd7 32. Rd6 Nf8 33.
Rxb6 h6 34. Rb7 Ne6 35. Kf1 f6 36. Rd7 g5 37. Re7 Nf8 38. Bd4 Ng6 39. Rd7 Ne5
40. Bxe5 fxe5 41. Ke2 Kh7 42. Rd6 Kg8 43. Kd3 Kf7 44. Ke4 Ke7 45. Ra6 1-0

[Event "48. Torneo Villa de Mislata"]
[Site "Mislata ESP"]
[Date "2014.08.14"]
[Round "5.1"]
[White "Antoli Royo, Joaquin Miguel"]
[Black "Carrascoso Morales, Abel"]
[Result "1-0"]
[WhiteElo "2428"]
[BlackElo "2342"]
[PlyCount "136"]
[EventDate "2014.08.11"]
[EventType "swiss"]
[EventRounds "9"]
[EventCountry "ESP"]
[Source "lmi"]
[SourceDate "2014.08.11"]

1. e4 c5 2. Nf3 d6 3. d4 cxd4 4. Nxd4 Nf6 5. Nc3 g6 6. Be3 Bg7 7. f3 Nc6 8. Qd2
O-O 9. O-O-O d5 10. exd5 Nxd5 11. Nxc6 bxc6 12. Bd4 Nxc3 13. Qxc3 Bh6+ 14. Be3
Bxe3+ 15. Qxe3 Qb6 16. Qxe7 Be6 17. Qa3 Rad8 18. Bd3 Rd5 19. Rhe1 Ra5 20. Qc3
Rxa2 21. b3 Ra5 22. Kb2 Rc5 23. Qd4 Rd5 24. Qxb6 axb6 25. Be4 Rxd1 26. Rxd1 c5
27. Rd6 Rb8 28. Bd5 Bxd5 29. Rxd5 Re8 30. Rd6 b5 31. Rd5 Rc8 32. g4 Kg7 33. Kc3
Kf6 34. Kd3 Ke6 35. Ke4 b4 36. h4 c4 37. Rb5 cxb3 38. cxb3 Rc1 39. Rb6+ Ke7 40.
Rxb4 Rh1 41. Ke5 f6+ 42. Kd5 Rxh4 43. Rb7+ Kd8 44. Ke6 h5 45. Rd7+ Kc8 46. Rh7
Rh3 47. gxh5 gxh5 48. f4 Rxb3 49. Rxh5 Rb4 50. f5 Rb6+ 51. Ke7 Rb5 52. Rh8+ Kc7
53. Kxf6 Kd7 54. Kg6 Rb1 55. Kf7 Kd6 56. Re8 Rb7+ 57. Kf8 Rb5 58. f6 Rb1 59.
Kf7 Ra1 60. Re6+ Kd5 61. Re2 Kd6 62. Rg2 Rf1 63. Kg7 Ke6 64. Rg6 Rf4 65. Rh6
Rg4+ 66. Kf8 Ra4 67. f7+ Kf5 68. Kg7 Ra7 1-0

[Event "48. Torneo Villa de Mislata"]
[Site "Mislata ESP"]
[Date "2014.08.14"]
[Round "5.2"]
[White "Alonso Moyano, Jonathan"]
[Black "Ribera Cebolla, Marc"]
[Result "1-0"]
[WhiteElo "2408"]
[BlackElo "2059"]
[PlyCount "65"]
[EventDate "2014.08.11"]
[EventType "swiss"]
[EventRounds "9"]
[EventCountry "ESP"]
[Source "lmi"]
[SourceDate "2014.08.11"]

1. e4 c5 2. Nf3 e6 3. b3 d6 4. Bb2 Nf6 5. d3 Be7 6. g3 O-O 7. Bg2 Nc6 8. O-O
Nd7 9. d4 cxd4 10. Nxd4 Nxd4 11. Bxd4 Ne5 12. Qd2 Nc6 13. Bb2 Bf6 14. c3 Qc7
15. Na3 a6 16. Nc4 Rd8 17. Ne3 b5 18. f4 Bb7 19. Ng4 Be7 20. Qe2 Bf8 21. h4 Re8
22. Kh2 Rad8 23. c4 bxc4 24. Nf6+ Kh8 25. Nxe8 Rxe8 26. Qxc4 Qa5 27. Qc3 Qb6
28. Qd2 d5 29. f5 dxe4 30. Bxe4 exf5 31. Bxf5 Bb4 32. Qh6 Re2+ 33. Kh3 1-0

[Event "48. Torneo Villa de Mislata"]
[Site "Mislata ESP"]
[Date "2014.08.14"]
[Round "5.3"]
[White "Lopez Mulet, Inigo"]
[Black "Ramiro Ovejero, Juan Luis"]
[Result "1-0"]
[WhiteElo "2193"]
[BlackElo "2364"]
[PlyCount "63"]
[EventDate "2014.08.11"]
[EventType "swiss"]
[EventRounds "9"]
[EventCountry "ESP"]
[Source "lmi"]
[SourceDate "2014.08.11"]

1. d4 Nf6 2. c4 c5 3. d5 e5 4. Nc3 d6 5. e4 Be7 6. Bd3 Nbd7 7. Qa4 O-O 8. Nge2
Nh5 9. g3 Bg5 10. Qc2 Bxc1 11. Qxc1 Ndf6 12. f3 g6 13. Qh6 Kh8 14. Qe3 a6 15.
g4 Bxg4 16. fxg4 Nxg4 17. Qh3 Ngf6 18. Qh4 Kg7 19. Rg1 Qa5 20. O-O-O b5 21.
Rdf1 bxc4 22. Bc2 Rab8 23. Ng3 Rxb2 24. Kxb2 Qb4+ 25. Bb3 a5 26. Nxh5+ Nxh5 27.
Qxh5 a4 28. Qe2 Rb8 29. Qf2 f5 30. Rb1 Ra8 31. exf5 axb3 32. a4 1-0

[Event "48. Torneo Villa de Mislata"]
[Site "Mislata ESP"]
[Date "2014.08.14"]
[Round "5.4"]
[White "Perez Manas, Benjamin"]
[Black "Aymerich Rosell, Pablo"]
[Result "1/2-1/2"]
[WhiteElo "2290"]
[BlackElo "2125"]
[PlyCount "85"]
[EventDate "2014.08.11"]
[EventType "swiss"]
[EventRounds "9"]
[EventCountry "ESP"]
[Source "lmi"]
[SourceDate "2014.08.11"]

1. e4 e5 2. Nf3 Nc6 3. Bb5 a6 4. Bxc6 dxc6 5. d3 Qe7 6. Nbd2 Bd7 7. Nc4 f6 8.
Bd2 O-O-O 9. Qe2 Qf7 10. b3 Bc5 11. O-O-O Ne7 12. Be3 Bxe3+ 13. Qxe3 Kb8 14. d4
exd4 15. Rxd4 Be6 16. Rxd8+ Rxd8 17. Nb2 b6 18. Rd1 Rxd1+ 19. Nxd1 c5 20. Ng1
Nc6 21. Ne2 Qh5 22. Nf4 Qe5 23. Nxe6 Qxe6 24. f4 Nd4 25. Nf2 a5 26. a4 Qd6 27.
Nd3 c4 28. bxc4 Qa3+ 29. Kd2 c5 30. Ne1 Qxa4 31. e5 Qb4+ 32. Kc1 Qxc4 33. exf6
gxf6 34. Qe8+ Kb7 35. Qd7+ Ka6 36. Qxh7 f5 37. Qh3 Ne2+ 38. Kd2 Nxf4 39. Qf3
Qb4+ 40. c3 Qc4 41. Qa8+ Kb5 42. Qe8+ Ka6 43. Qa8+ 1/2-1/2

[Event "48. Torneo Villa de Mislata"]
[Site "Mislata ESP"]
[Date "2014.08.14"]
[Round "5.5"]
[White "Diaz Velandia, Jose Manuel"]
[Black "Fernandez Ayuso, Sergio"]
[Result "1-0"]
[WhiteElo "2311"]
[BlackElo "2084"]
[PlyCount "105"]
[EventDate "2014.08.11"]
[EventType "swiss"]
[EventRounds "9"]
[EventCountry "ESP"]
[Source "lmi"]
[SourceDate "2014.08.11"]

1. d4 d5 2. Nf3 Nf6 3. e3 e6 4. Bd3 c5 5. c3 Nc6 6. Nbd2 Bd6 7. O-O O-O 8. dxc5
Bxc5 9. e4 Qc7 10. Qe2 dxe4 11. Nxe4 Nxe4 12. Qxe4 f5 13. Qc4 Bd6 14. Re1 Kh8
15. Qh4 Qf7 16. Bf4 Be7 17. Qg3 Qh5 18. Be2 Qg4 19. Rad1 Qxg3 20. hxg3 Bf6 21.
Bb5 Kg8 22. Rd6 Nd8 23. Bc4 Re8 24. a4 h6 25. Bb5 Rf8 26. Rd2 a6 27. Bc4 Re8
28. Bc7 Nc6 29. Nh4 Bxh4 30. gxh4 Kf7 31. b4 a5 32. b5 Nb8 33. Rd6 g6 34. f4
Re7 35. Bb6 Re8 36. Bb3 Ke7 37. Bc7 Kf7 38. Kf2 h5 39. Bd8 Bd7 40. Bg5 Bc8 41.
Red1 b6 42. Rxb6 Nd7 43. Rb7 Re7 44. Bxe7 Kxe7 45. Rc7 Rb8 46. c4 Kd8 47. Ra7
Ke8 48. Rdxd7 Bxd7 49. Rxa5 e5 50. fxe5 Be6 51. Ra6 Ke7 52. Ra7+ Ke8 53. Rh7
1-0

[Event "48. Torneo Villa de Mislata"]
[Site "Mislata ESP"]
[Date "2014.08.14"]
[Round "5.7"]
[White "Jordan Arenas, Manuel"]
[Black "Garriga Cazorla, Pere"]
[Result "1/2-1/2"]
[WhiteElo "2148"]
[BlackElo "2196"]
[PlyCount "88"]
[EventDate "2014.08.11"]
[EventType "swiss"]
[EventRounds "9"]
[EventCountry "ESP"]
[Source "lmi"]
[SourceDate "2014.08.11"]

1. d4 Nf6 2. c4 e6 3. Nf3 d5 4. Nc3 Bb4 5. Qb3 Nc6 6. Bg5 O-O 7. e3 Bxc3+ 8.
Qxc3 h6 9. Bxf6 Qxf6 10. Be2 Qe7 11. O-O Nb8 12. Rac1 c6 13. Bd3 Nd7 14. e4
dxe4 15. Bxe4 Nf6 16. Bb1 c5 17. Rfe1 cxd4 18. Qxd4 Rd8 19. Qc3 Bd7 20. Ne5 Be8
21. Re3 Qc5 22. b4 Qd4 23. Qb3 Qf4 24. h3 Rd2 25. Nf3 Re2 26. Rxe2 Qxc1+ 27.
Re1 Qf4 28. b5 Rc8 29. Bd3 Nd7 30. Qa3 Nc5 31. Bf1 a6 32. Re5 Nd7 33. Re1 Nc5
34. Re5 Nd7 35. Re1 axb5 36. cxb5 Nf6 37. Bd3 Rd8 38. Qb3 Ra8 39. Bc2 Rc8 40.
a4 Qc7 41. Re2 Qf4 42. g3 Qc1+ 43. Kg2 Qa1 44. Re1 Qc3 1/2-1/2

[Event "48. Torneo Villa de Mislata"]
[Site "Mislata ESP"]
[Date "2014.08.14"]
[Round "5.8"]
[White "Mingarro Carceller, Sergi"]
[Black "Uran Bermudez, Oliver Kevin"]
[Result "1/2-1/2"]
[WhiteElo "2233"]
[BlackElo "2130"]
[PlyCount "124"]
[EventDate "2014.08.11"]
[EventType "swiss"]
[EventRounds "9"]
[EventCountry "ESP"]
[Source "lmi"]
[SourceDate "2014.08.11"]

1. d4 d5 2. c4 e5 3. dxe5 d4 4. Nf3 Nc6 5. a3 Be6 6. Nbd2 Nge7 7. Nb3 Ng6 8.
Nbxd4 Bxc4 9. Bg5 Be7 10. Nxc6 bxc6 11. Qxd8+ Rxd8 12. Bd2 Bd5 13. Bc3 O-O 14.
e3 Rfe8 15. O-O-O Bxf3 16. gxf3 Bh4 17. Rd2 Nxe5 18. Rxd8 Bxd8 19. Be2 Bh4 20.
Rd1 Ng6 21. Be1 Nf4 22. Bf1 Nd5 23. Bg2 f5 24. Bf1 Nb6 25. Rd2 Re6 26. Rc2 Kf7
27. Ba6 Be7 28. Ba5 Rh6 29. Bd3 c5 30. Bxf5 Rxh2 31. Kd1 g6 32. Be4 Rh1+ 33.
Ke2 h5 34. f4 Rg1 35. Rd2 Bf6 36. b3 Ke7 37. Rd1 Rxd1 38. Kxd1 g5 39. fxg5 Bxg5
40. f4 Bf6 41. Be1 c4 42. Kc2 cxb3+ 43. Kxb3 Kd6 44. Bb4+ c5 45. Bd2 h4 46. Bg2
Ke6 47. e4 Be7 48. Bh3+ Kf7 49. Bc1 a5 50. Kc3 Bf6+ 51. e5 Bg7 52. Kd3 Bh6 53.
Ke4 c4 54. Kd4 c3 55. Bg2 Kg6 56. f5+ Kh7 57. e6 Bxc1 58. e7 c2 59. Kd3 Bxa3
60. e8=Q c1=Q 61. Qg6+ Kh8 62. Qf6+ Kh7 1/2-1/2

[Event "48. Torneo Villa de Mislata"]
[Site "Mislata ESP"]
[Date "2014.08.14"]
[Round "5.9"]
[White "Castella Garcia, Fausto"]
[Black "Laliena Solanes, Luis"]
[Result "1/2-1/2"]
[WhiteElo "2335"]
[BlackElo "2139"]
[PlyCount "49"]
[EventDate "2014.08.11"]
[EventType "swiss"]
[EventRounds "9"]
[EventCountry "ESP"]
[Source "lmi"]
[SourceDate "2014.08.11"]

1. e4 c6 2. Nc3 d5 3. Nf3 Nf6 4. e5 Ne4 5. d4 c5 6. dxc5 Nxc3 7. bxc3 Qa5 8.
Rb1 Qxc3+ 9. Bd2 Qxc5 10. Bb5+ Nc6 11. O-O e6 12. Be3 Qa3 13. Nd4 Bd7 14. c4
dxc4 15. Ba4 O-O-O 16. Rxb7 Kxb7 17. Nxc6 Bxc6 18. Qxd8 Qxa4 19. Rb1+ Bb4 20.
Qxh8 Be4 21. Rc1 Ba3 22. Re1 Bb4 23. Rc1 Ba3 24. Re1 Bb4 25. Rc1 1/2-1/2

[Event "48. Torneo Villa de Mislata"]
[Site "Mislata ESP"]
[Date "2014.08.14"]
[Round "5.10"]
[White "Nieves Cabanes, Jose Manuel"]
[Black "Montalban Galvez, Antoni"]
[Result "0-1"]
[WhiteElo "2091"]
[BlackElo "2203"]
[PlyCount "106"]
[EventDate "2014.08.11"]
[EventType "swiss"]
[EventRounds "9"]
[EventCountry "ESP"]
[Source "lmi"]
[SourceDate "2014.08.11"]

1. d4 Nf6 2. c4 g6 3. Nc3 Bg7 4. Nf3 d6 5. Bg5 h6 6. Bh4 O-O 7. e3 Bf5 8. Nd2
e5 9. Be2 exd4 10. exd4 g5 11. Bg3 Nc6 12. Nb3 Ne4 13. Nxe4 Bxe4 14. O-O Qf6
15. f3 Bg6 16. Bf2 a5 17. d5 a4 18. dxc6 axb3 19. axb3 bxc6 20. c5 Qxb2 21.
Rxa8 Rxa8 22. cxd6 cxd6 23. Bd3 Ra1 24. Qxa1 Qxa1 25. Rxa1 Bxa1 26. Ba6 Bc2 27.
Bg3 Bxb3 28. Bxd6 Bd4+ 29. Kf1 c5 30. Ke2 c4 31. Kd2 Kg7 32. Bb4 Kf6 33. Bb7
Be5 34. Bc3 Bxc3+ 35. Kxc3 Ke5 36. g3 h5 37. Bc6 f5 38. Bb7 f4 39. g4 hxg4 40.
fxg4 Bd1 41. Kxc4 Bxg4 42. Kd3 Bh5 43. h3 Be8 44. Ke2 Bf7 45. Kf3 Be6 46. Kg2
Bd5+ 47. Bxd5 Kxd5 48. Kf3 Ke5 49. Kg4 Ke4 50. Kxg5 f3 51. h4 f2 52. h5 f1=Q
53. Kg6 Qf5+ 0-1

[Event "48. Torneo Villa de Mislata"]
[Site "Mislata ESP"]
[Date "2014.08.14"]
[Round "5.11"]
[White "Moreto Quintana, Alex"]
[Black "Nieves Cabanes, Javier"]
[Result "0-1"]
[WhiteElo "2132"]
[BlackElo "2074"]
[PlyCount "86"]
[EventDate "2014.08.11"]
[EventType "swiss"]
[EventRounds "9"]
[EventCountry "ESP"]
[Source "lmi"]
[SourceDate "2014.08.11"]

1. Nf3 c5 2. c4 Nc6 3. Nc3 e5 4. d3 h6 5. g3 g6 6. Bg2 Bg7 7. O-O Nge7 8. Bd2
O-O 9. Rb1 d6 10. a3 a5 11. Ne1 Be6 12. Nc2 Qd7 13. b4 axb4 14. axb4 b6 15. b5
Nd4 16. Bxa8 Rxa8 17. Ne3 Bh3 18. Re1 f5 19. Ned5 Rb8 20. Bxh6 Nxd5 21. Nxd5 f4
22. f3 Be6 23. Bxg7 Bxd5 24. g4 Be6 25. e3 fxe3 26. Bh6 e2 27. Rxe2 Nxf3+ 28.
Kh1 Bxg4 29. Rg2 Nxh2 30. Qe1 Nf3 31. Qe4 Qh7 32. Qe3 g5 33. Rxg4 Qxh6+ 34. Kg2
Qh2+ 35. Kxf3 Rf8+ 36. Ke4 Qh7+ 37. Kd5 Qb7+ 38. Ke6 Qf7+ 39. Kxd6 Rd8+ 40. Kc6
Qe6+ 41. Kb7 Qc8+ 42. Kxb6 Rd6+ 43. Ka7 Qc7+ 0-1

[Event "48. Torneo Villa de Mislata"]
[Site "Mislata ESP"]
[Date "2014.08.14"]
[Round "5.12"]
[White "Calvo Alfonso, Vicente"]
[Black "Galiana Fernandez, Adrian"]
[Result "0-1"]
[WhiteElo "2151"]
[BlackElo "1889"]
[PlyCount "80"]
[EventDate "2014.08.11"]
[EventType "swiss"]
[EventRounds "9"]
[EventCountry "ESP"]
[Source "lmi"]
[SourceDate "2014.08.11"]

1. d4 d5 2. Nf3 Nf6 3. g3 Bf5 4. Bg2 e6 5. O-O Bd6 6. b3 h6 7. Bb2 c6 8. Nbd2
Nbd7 9. c4 O-O 10. Re1 Ne4 11. cxd5 exd5 12. Nh4 Bh7 13. Nxe4 Bxe4 14. f3 Bh7
15. Bh3 f5 16. e3 Qc7 17. Bf1 g5 18. Ng2 Bb4 19. Re2 Rae8 20. a3 Bd6 21. Qd2
Nf6 22. Ne1 Kh8 23. Nd3 f4 24. Ne5 fxg3 25. hxg3 Nd7 26. f4 gxf4 27. exf4 Nxe5
28. fxe5 Be7 29. Qxh6 Rg8 30. Rg2 Bg5 31. Qh5 Be3+ 32. Kh1 Re6 33. Rh2 Rh6 34.
Qe2 Be4+ 35. Bg2 Rxh2+ 36. Kxh2 Qh7+ 37. Bh3 Bf5 38. Qf1 Bf2 39. g4 Bxg4 40.
Qg2 Bxh3 0-1

[Event "48. Torneo Villa de Mislata"]
[Site "Mislata ESP"]
[Date "2014.08.14"]
[Round "5.13"]
[White "Romero Calduch, Sergio"]
[Black "Sanchez Barbado, Carlos"]
[Result "1/2-1/2"]
[WhiteElo "2104"]
[BlackElo "2249"]
[PlyCount "69"]
[EventDate "2014.08.11"]
[EventType "swiss"]
[EventRounds "9"]
[EventCountry "ESP"]
[Source "lmi"]
[SourceDate "2014.08.11"]

1. d4 f5 2. g3 e6 3. Bg2 Nf6 4. Nf3 Be7 5. O-O O-O 6. c4 d6 7. Nc3 a5 8. Qc2
Nc6 9. e4 Nb4 10. Qe2 fxe4 11. Nxe4 Nxe4 12. Qxe4 e5 13. Ne1 exd4 14. Qxd4 Bf6
15. Qd1 Be6 16. a3 Nc6 17. Bd5 Qd7 18. Nd3 Rfe8 19. Be3 Kh8 20. Qb3 b6 21. Rad1
Bg4 22. Rd2 Ne7 23. Ne1 Qf5 24. Bg2 Qh5 25. Nd3 Nf5 26. Nf4 Qf7 27. Nd5 Nxe3
28. Nxe3 Bd7 29. Nd5 Bd8 30. h4 Re5 31. Qd1 Re8 32. b3 Qg6 33. Ne3 h6 34. Qb1
Qf6 35. Nd5 1/2-1/2

[Event "48. Torneo Villa de Mislata"]
[Site "Mislata ESP"]
[Date "2014.08.14"]
[Round "5.14"]
[White "Cabero Feliciano, Guillermo"]
[Black "Garrido Olivares, Ricard"]
[Result "1/2-1/2"]
[WhiteElo "2090"]
[BlackElo "2228"]
[PlyCount "83"]
[EventDate "2014.08.11"]
[EventType "swiss"]
[EventRounds "9"]
[EventCountry "ESP"]
[Source "lmi"]
[SourceDate "2014.08.11"]

1. Nf3 d5 2. c4 e6 3. e3 c5 4. b3 Nc6 5. Bb2 Nf6 6. d3 Be7 7. Nbd2 d4 8. exd4
cxd4 9. a3 a5 10. g3 O-O 11. Bg2 e5 12. O-O Nd7 13. Qe2 Re8 14. Ne1 Nf8 15. Bc1
Bd7 16. Rb1 Rb8 17. a4 Kh8 18. Nc2 f6 19. Ba3 Bxa3 20. Nxa3 Bf5 21. Ne4 Ne6 22.
Nb5 Bxe4 23. Qxe4 Nc5 24. Qd5 Qxd5 25. cxd5 Nb4 26. f4 Nbxd3 27. fxe5 fxe5 28.
Rf7 Rf8 29. Rc7 Rbc8 30. d6 Rcd8 31. Bxb7 e4 32. d7 Rxd7 33. Rxd7 Nxd7 34. Bxe4
N3c5 35. Bc6 Ne5 36. Nxd4 Rd8 37. Re1 Ncd3 38. Re4 g6 39. Bb5 Rxd4 40. Rxd4
Nf3+ 41. Kf1 Nxd4 42. Bxd3 1/2-1/2

[Event "48. Torneo Villa de Mislata"]
[Site "Mislata ESP"]
[Date "2014.08.14"]
[Round "5.15"]
[White "Ferrer Moreno, Jose"]
[Black "Nieto Tornero, Jose"]
[Result "1-0"]
[WhiteElo "2135"]
[BlackElo "1914"]
[PlyCount "107"]
[EventDate "2014.08.11"]
[EventType "swiss"]
[EventRounds "9"]
[EventCountry "ESP"]
[Source "lmi"]
[SourceDate "2014.08.11"]

1. d4 d5 2. c4 c6 3. Nf3 Nf6 4. Nc3 e6 5. Bg5 dxc4 6. e4 b5 7. e5 h6 8. Bh4 g5
9. Nxg5 hxg5 10. Bxg5 Nbd7 11. g3 Be7 12. exf6 Bxf6 13. Bxf6 Nxf6 14. Bg2 Qb6
15. O-O Bb7 16. Qf3 Ke7 17. Rad1 Rad8 18. Qf4 Rdg8 19. Rfe1 Rg4 20. Qe5 Rh5 21.
Qe3 Rg8 22. Qe2 Rgh8 23. h4 Rg8 24. Ne4 Rh6 25. Qd2 Ng4 26. Qb4+ Kd7 27. Qd6+
Kc8 28. Qf4 Qc7 29. Nd6+ Kb8 30. Qxf7 Qxf7 31. Nxf7 Rf6 32. Ne5 Rxf2 33. Nxg4
Rxb2 34. Ne3 Rxg3 35. Kh2 Rg8 36. Kh3 Bc8 37. Bf3 Rf8 38. Kg3 Rxa2 39. Bxc6 a6
40. h5 Kc7 41. Bf3 Rg8+ 42. Bg4 Kd6 43. h6 Rh8 44. Rh1 Bb7 45. Rh5 Ra3 46. Re1
a5 47. Rxb5 Bc6 48. Rxa5 Rd3 49. Rh5 Be4 50. Kf4 Rxd4 51. Nxc4+ Rxc4 52. Rxe4
Rxe4+ 53. Kxe4 Rh7 54. Rh1 1-0

[Event "48. Torneo Villa de Mislata"]
[Site "Mislata ESP"]
[Date "2014.08.14"]
[Round "5.16"]
[White "Hassomal Daswani, Birjkumar"]
[Black "Guillem Mora, Carlos"]
[Result "1/2-1/2"]
[WhiteElo "2106"]
[BlackElo "1951"]
[PlyCount "88"]
[EventDate "2014.08.11"]
[EventType "swiss"]
[EventRounds "9"]
[EventCountry "ESP"]
[Source "lmi"]
[SourceDate "2014.08.11"]

1. e4 c5 2. Nf3 g6 3. Bc4 Bg7 4. O-O Nc6 5. Re1 e6 6. c3 Qb6 7. Na3 Nge7 8. Nc2
O-O 9. Ne3 a6 10. Bb3 Qa7 11. a4 Rd8 12. d3 d5 13. exd5 Nxd5 14. Qc2 Nf4 15.
Rd1 Na5 16. Ba2 Qb8 17. Nc4 Nxc4 18. Bxc4 Bd7 19. g3 Nh5 20. Bg5 Nf6 21. Bf4
Qc8 22. Ne5 Nh5 23. Qd2 Nxf4 24. Qxf4 Be8 25. Ng4 b5 26. axb5 axb5 27. Rxa8
Qxa8 28. Bb3 Bc6 29. Ne3 Bf3 30. Re1 Rxd3 31. Bd1 Bxd1 32. Rxd1 Rxd1+ 33. Nxd1
Qa1 34. Qb8+ Bf8 35. Qd8 Qb1 36. Qd2 Be7 37. Kg2 Qe4+ 38. f3 Qc6 39. Nf2 Kg7
40. Ng4 Qd5 41. Qh6+ Kg8 42. Qf4 Kg7 43. Qh6+ Kg8 44. Qf4 Kg7 1/2-1/2

[Event "48. Torneo Villa de Mislata"]
[Site "Mislata ESP"]
[Date "2014.08.14"]
[Round "5.17"]
[White "Redondo Flores, David"]
[Black "Garcia Martin, Marta"]
[Result "1/2-1/2"]
[WhiteElo "1983"]
[BlackElo "1929"]
[PlyCount "122"]
[EventDate "2014.08.11"]
[EventType "swiss"]
[EventRounds "9"]
[EventCountry "ESP"]
[Source "lmi"]
[SourceDate "2014.08.11"]

1. e4 e5 2. Nf3 Nc6 3. Bc4 Bc5 4. c3 Nf6 5. d3 a6 6. Bb3 Ba7 7. O-O h6 8. Nbd2
O-O 9. h3 d6 10. Re1 Ne7 11. Nf1 Ng6 12. Ng3 Re8 13. d4 Bd7 14. Be3 Rc8 15.
dxe5 Bxe3 16. Rxe3 Nxe5 17. Nxe5 dxe5 18. Rd3 Qe7 19. Qf3 Rcd8 20. Rad1 g6 21.
Qe3 Kg7 22. Qd2 Qc5 23. Kh2 Re7 24. f3 Rde8 25. Nf1 Be6 26. Ne3 Bxb3 27. axb3
Re6 28. b4 Qe7 29. Nd5 Nxd5 30. Rxd5 Qf6 31. Rd7 R6e7 32. Qd5 Rxd7 33. Qxd7 Qe7
34. Qd5 c6 35. Qd2 h5 36. Qd7 Kf8 37. Qd2 Kg7 38. g3 Qf6 39. Kg2 Qe7 40. Kf2
Qe6 41. Qd7 Qe7 42. h4 Kf8 43. Qd2 Kg7 44. Ke3 Qc7 45. Qd7 Re7 46. Qd3 Qb6+ 47.
Ke2 Qc7 48. c4 Qc8 49. Qd6 Qc7 50. c5 Qxd6 51. Rxd6 Rc7 52. Ke3 Kf8 53. f4
exf4+ 54. gxf4 Ke7 55. e5 Rc8 56. Ke4 Rg8 57. Kd4 Re8 58. Kc4 Ra8 59. Kd4 Rf8
60. Ke4 Rg8 61. Ke3 Ra8 1/2-1/2

[Event "48. Torneo Villa de Mislata"]
[Site "Mislata ESP"]
[Date "2014.08.14"]
[Round "5.18"]
[White "Gomez Sanjuan, Hector Fernando"]
[Black "Marquinez Cabrejas, Francisco"]
[Result "1/2-1/2"]
[WhiteElo "1812"]
[BlackElo "1993"]
[PlyCount "118"]
[EventDate "2014.08.11"]
[EventType "swiss"]
[EventRounds "9"]
[EventCountry "ESP"]
[Source "lmi"]
[SourceDate "2014.08.11"]

1. d4 d5 2. c4 c6 3. Nf3 a6 4. c5 b6 5. b4 g6 6. Bf4 bxc5 7. bxc5 Bg7 8. e3 Nf6
9. h3 O-O 10. Bd3 Nfd7 11. Nbd2 f6 12. Bh2 e5 13. Ng1 exd4 14. exd4 Re8+ 15.
Ne2 f5 16. Nf3 Nf6 17. O-O Ne4 18. Qa4 Bd7 19. Rab1 a5 20. Rb6 Qe7 21. Rfb1
Nxf2 22. Kxf2 Qe3+ 23. Kf1 Qxd3 24. R1b2 Na6 25. Qxa5 Nc7 26. Qd2 Qxd2 27. Nxd2
Nb5 28. Nf3 Re4 29. Ne5 Be8 30. Nxc6 Bxc6 31. Rxc6 Rxe2 32. Rxe2 Nxd4 33. Rce6
Nxe6 34. Rxe6 Kf7 35. Re2 Rc8 36. Rc2 Rc6 37. Bd6 Bf8 38. Bxf8 Kxf8 39. Ke2
Re6+ 40. Kd3 Ke7 41. Re2 Re4 42. Rc2 Kd7 43. c6+ Kc7 44. Rc5 Ra4 45. Rc2 g5 46.
Rc5 Rxa2 47. Rxd5 Kxc6 48. Rxf5 Rxg2 49. Ke3 Rg3+ 50. Kf2 Rxh3 51. Rxg5 Kd6 52.
Kg2 Rh6 53. Rg3 Ke5 54. Rh3 Rg6+ 55. Kh1 h6 56. Rf3 h5 57. Kh2 Ke4 58. Rf2 Rg4
59. Kh3 Rg5 1/2-1/2

[Event "48. Torneo Villa de Mislata"]
[Site "Mislata ESP"]
[Date "2014.08.14"]
[Round "6.1"]
[White "Alonso Moyano, Jonathan"]
[Black "Antoli Royo, Joaquin Miguel"]
[Result "1/2-1/2"]
[WhiteElo "2408"]
[BlackElo "2428"]
[PlyCount "32"]
[EventDate "2014.08.11"]
[EventType "swiss"]
[EventRounds "9"]
[EventCountry "ESP"]
[Source "lmi"]
[SourceDate "2014.08.11"]

1. e4 c5 2. Nc3 a6 3. g3 b5 4. Bg2 Bb7 5. Nh3 e6 6. O-O Nc6 7. d3 d6 8. f4 b4
9. Ne2 Nf6 10. Nf2 Be7 11. g4 Nd7 12. c3 e5 13. d4 cxd4 14. cxd4 exf4 15. Nxf4
O-O 16. Nd5 Bg5 1/2-1/2

[Event "48. Torneo Villa de Mislata"]
[Site "Mislata ESP"]
[Date "2014.08.14"]
[Round "6.2"]
[White "Carrascoso Morales, Abel"]
[Black "Lopez Mulet, Inigo"]
[Result "1/2-1/2"]
[WhiteElo "2342"]
[BlackElo "2193"]
[PlyCount "97"]
[EventDate "2014.08.11"]
[EventType "swiss"]
[EventRounds "9"]
[EventCountry "ESP"]
[Source "lmi"]
[SourceDate "2014.08.11"]

1. e4 e6 2. Nf3 c5 3. b4 cxb4 4. a3 d5 5. e5 b3 6. cxb3 Nc6 7. d4 Bd7 8. Bd3
Nge7 9. Nc3 Nf5 10. Bxf5 exf5 11. O-O Be6 12. h4 h6 13. Be3 Be7 14. b4 O-O 15.
Qd2 Rc8 16. Ne2 Re8 17. Bxh6 gxh6 18. Qxh6 Bf8 19. Qh5 Bg7 20. Ng5 f6 21. Qh7+
Kf8 22. Nxe6+ Rxe6 23. Qxf5 Re8 24. Rac1 Kg8 25. f4 fxe5 26. fxe5 Qe7 27. b5
Rf8 28. Qg4 Nxe5 29. dxe5 Rxc1 30. Rxc1 Qxe5 31. Rc8 Kh7 32. Rxf8 Bxf8 33. Nf4
Bxa3 34. h5 Bc1 35. Qg6+ Kh8 36. Qh6+ Kg8 37. Qe6+ Qxe6 38. Nxe6 a5 39. bxa6
bxa6 40. Nc7 a5 41. Nxd5 a4 42. Nc3 a3 43. Kf2 Kg7 44. Kf3 Kh6 45. Na2 Bb2 46.
Kg4 Ba1 47. g3 Bb2 48. Nb4 Bc3 49. Na2 1/2-1/2